Представление документа в формате RUSMARC

ПолеНазваниеЗначение
  Тип записи a
  Библиографический уровень m
001 Контрольный номер RU/CBS_UL/BASE/56d37b66c5084731aa96e82d55cbee15
005 Дата корректировки 20260423084625.5
010 Индекс ISBN __
a ISBN 978-5-6049612-7-8
b Уточнения в пер.
d Цена 272 р. 23 к.
9 Тираж 10 000 экз.
100 Данные общей обработки __
a Данные общей обработки 20260422d 0rusy0189## ca
101 Язык документа 0_
a Язык текста rus
102 Страна публикации __
a Страна публикации RU
200 Заглавие и сведения об ответственности 1_
a Заглавие Волшебные существа по вселенной "Гарри Поттера"
e Сведения, относящиеся к заглавию неофициальное издание
g Последующие сведения об ответственности под ред. Е. В. Данилова
g Последующие сведения об ответственности текст Л. Тарасенко
g Последующие сведения об ответственности ил. А. Власовой
210 Выходные данные 1_
a Место издания Москва
c Издательство True books space
d Дата издания 2024
215 Физическое описание __
a Объем 111 с.
c Иллюстрации/тип воспроизводства ил.
d Формат 30 см.
225 Серия 2_
a Серия Библиотека магии и волшебства
300 Общие примечания __
a Общие примечания 12+
606 Тематические рубрики 0_
a Основная рубрика Ролинг - "Гарри Поттер", серия книг - Издания для детей
610 Ключевые слова 0_
a Ключевые слова литература детская; фантастика зарубежная; существа волшебные; миры магические
686 Индексы других классификаций __
2 Код системы rubbk
a Классификационный индекс 83.3(4Вел)
801 Источник записи _0
a Страна RU
b Организация МБУК ЦБС г. Ульяновска
c Дата составления 20260422
g Правила каталогизации RCR
801 Источник записи _1
a Страна RU
b Организация МБУК ЦБС г. Ульяновска
c Дата составления 20260422
g Правила каталогизации RCR
852 Данные о местонахождении __
i Авторский знак В 69
j Шифр хранения 83.3(4)
900 Электронные ресурсы __
a Имя электронного ресурса волш существа
901 Тип документа __
t Тип документа m
909 Создатель записи __
a Создатель записи obr3
b Дата создания записи 20260422